Función ventricular. (Registro nro. 2217)

Detalles MARC
000 -LEADER
fixed length control field 01637nam a2200349 a 4500
005 - FECHA ULTIMA MODIFICACION
control field 20240412113706.0
008 - CAMPO DE CONTROL (LIBRO)
fixed length control field 101001t1981||||ag a f |||| 001 0 spa d
020 ## - INTERNATIONAL STANDARD BOOK NUMBER
ISBN S/N
041 ## - CODIGO DE IDIOMA
Código de idioma del texto/pista de sonido o título separado spa
092 ## - SIGNATURA TOPOGRAFICA DEWEY LOCAL
número de clasificación 612.103
libristica 67
sección PIC
100 1# - ENTRADA PRINCIPAL--NOMBRE PERSONAL
Nombre personal Pichel, Ricardo H.
9 (RLIN) 3000
245 ## - TITULO PROPIAMENTE DICHO
Título Función ventricular.
Subtítulo y Título paralelo Conceptos básicos /
Mención de responsabilidad y remanente de la transcripción de la portada Ricardo H. Pichel.
250 ## - MENCION DE EDICION
Mención de edición 1a ed.
260 ## - PIE DE IMPRENTA
Lugar de publicación, distribución, etc Buenos Aires:
Nombre de la editorial, distribuidor, etc Inter-Médica;
Fecha de publicación 1981.
300 ## - DESCRIPCION FISICA
Extension 256 p.
Otros detalles físicos il.
500 ## - NOTA GENERAL
Nota general Pichel, R. H., Patritti, J. P. y Fuente, L. M. de la. (1981). Función ventricular. Conceptos básicos. (1a ed.). Buenos Aires : Inter-médica.
653 ## - TÉRMINO INDIZADO - PALABRAS CLAVES
Palabra clave Magnitudes normalizadas
653 ## - TÉRMINO INDIZADO - PALABRAS CLAVES
Palabra clave Propiedades de los materiales elásticos
653 ## - TÉRMINO INDIZADO - PALABRAS CLAVES
Palabra clave Mecánica del músculo papilar
653 ## - TÉRMINO INDIZADO - PALABRAS CLAVES
Palabra clave Análisis mecánicos de los modelso de Voigt y Maxwell
653 ## - TÉRMINO INDIZADO - PALABRAS CLAVES
Palabra clave Determinantes fundamentales de la función cardíaca. La precarga como factor gemétrico de la poscarga. Variaciones de la precarga
653 ## - TÉRMINO INDIZADO - PALABRAS CLAVES
Palabra clave Configuración anatomoangiográfica del ventrículo normal en las proyecciones radiológicas habituales
653 ## - TÉRMINO INDIZADO - PALABRAS CLAVES
Palabra clave Evaluación cualitativa del ventriculograma izquierdo. Análisis crítico de la fracción de eyección. Determinación de los volumenes ventriculares
653 ## - TÉRMINO INDIZADO - PALABRAS CLAVES
Palabra clave Evaluación regional de la función ventricular izquierda
653 ## - TÉRMINO INDIZADO - PALABRAS CLAVES
Palabra clave Mitad de sistole
653 ## - TÉRMINO INDIZADO - PALABRAS CLAVES
Palabra clave Reserva contráctil
653 ## - TÉRMINO INDIZADO - PALABRAS CLAVES
Palabra clave Asinergia reversible
653 ## - TÉRMINO INDIZADO - PALABRAS CLAVES
Palabra clave Función ventricular izquierda y cirugía de revascularización directa del miocardio
700 1# - ENTRADAS SECUNDARIAS - NOMBRE PERSONAL
Nombre personal Patritti, José P.
9 (RLIN) 3001
700 1# - ENTRADAS SECUNDARIAS - NOMBRE PERSONAL
Nombre personal Fuente, Luis M. de la
9 (RLIN) 3002
942 ## - ADDED ENTRY ELEMENTS (KOHA)
Source of classification or shelving scheme Dewey Decimal Classification
Item type Libros
Existencias
Estado de retiro Existencia Fuente de clasificación Estado general No para prestamo Ubicación permanente ubicación actual Sala de ubicación Fecha de adquisición Fuente de adquisición Total Checkouts Número de clasificación Código de barras Date last seen Número de ejemplar Price effective from Koha tipo de elemento (item) Public note Coded location qualifier
    Dewey Decimal Classification     Biblioteca Medicina Biblioteca Medicina Circulación 22/09/2015 Donación Jaime Novodvoretz, Septiembre 2015   612.103 67 PIC 3547 22/09/2015 Ej.1 22/09/2015 Libros Donación Jaime Novodvoretz, Septiembre 2015 Hemeroteca 2022  
    Dewey Decimal Classification     Biblioteca Medicina Biblioteca Medicina Circulación 22/09/2015 Donación Jaime Novodvoretz, Septiembre 2015   612.103 67 PIC 3548 22/09/2015 Ej.2 22/09/2015 Libros Donación Jaime Novodvoretz, Septiembre 2015 Hemeroteca 2022  

UNIVERSIDAD NACIONAL DEL COMAHUE
Biblioteca de la Facultad de Ciencias Médicas
Sede Toschi: Los Arrayanes y Av. Toschi, Cipolletti  - Rio Negro
Sede Los Tordos:  Yrigoyen al 2211, Cipolletti - Rio Negro 

Teléfono: 0299 - 4774707 int 25
Contacto: biblioteca@facimed.uncoma.edu.ar
© 2011 - 2026